| 000 | 00618cab a2200193 4500 | ||
|---|---|---|---|
| 001 | WB2738-09 | ||
| 008 | 090401t1991 xxu||||| |||| 00| 0 eng d | ||
| 035 | _a(Sirsi) u1469 | ||
| 041 | _aeng | ||
| 245 | _aNo BBA monopoly on assessments | ||
| 260 | _c1991 | ||
| 350 | _a0 | ||
| 490 |
_aNew Builder _v(99) 26 September 1991, 8(1) |
||
| 520 | _aThe Construction Minister has announced that the British Board of Agrement will not have a monopoly of lucrative European product assessment work. | ||
| 650 | _aDIRECTIVE 89/106/EEC | ||
| 690 | _aBUILT ENVIRONMENT-BUILDING MATERIALS | ||
| 942 | _n0 | ||
| 948 | _c04/03/1997 | ||
| 999 |
_c820 _d820 |
||